Pokémon - Les attaques de Spiritomb - Statistiques

Statistiques générales
  • Ce quiz a été pris 16 fois
  • Le résultat moyen est 11 sur 14
Statistiques - réponses
Niveaux Types Noms des attaques % Correct
Niveau 45 Spectre Ball'Ombre
100%
Niveau 40 Spectre Malédiction
100%
Niveau 35 Ténèbres Coup Bas
90%
Départ Spectre Onde Folie
90%
Niveau 10 Spectre Dépit
80%
Niveau 60 Psy Dévorêve
80%
Niveau 55 Psy Hypnose
80%
Niveau 5 Spectre Ombre Portée
80%
Niveau 15 Ténèbres Représailles
80%
Niveau 50 Ténèbres Vibrobscur
80%
Niveau 25 Spectre Châtiment
70%
Départ Spectre Ombre Nocturne
70%
Niveau 30 Ténèbres Souvenir
70%
Niveau 20 Ténèbres Machination
50%
Aucun quiz correspondant
Distribution des résultats
% des personnes avec chaque résultat
Percentile par nombre de réponses
Votre historique - résultats
Vous n’avez pas pris ce quiz